The economics of the common market : integration in the European Union

Saved in:
Bibliographic Details
Main Author: Swann, Dennis
Format: Book
Language:English
Published: New York : Penguin Books, c1995
Edition:8th ed.
Subjects:
Tags: Add Tag
No Tags, Be the first to tag this record!

MARC

LEADER 00000nam a2200000 i 4500
001 1/80065
008 990507s1995 eng d
020 |a 0-14-024109-4 
035 |l 10050541 
040 |a GR-MY-UA  |b gre  |e aacr 
041 0 |a eng 
082 0 |a 341.142 
100 1 |a Swann, Dennis. 
245 1 4 |a The economics of the common market :  |b integration in the European Union /  |c Dennis Swann 
250 |a 8th ed. 
260 |a New York :   |b Penguin Books,   |c c1995 
300 |a x, 405 σ.;  |b εικ.;  |c 20 εκ. 
504 |a Περιέχει βιβλιογραφικές παραπομπές και ευρετήριο 
651 0 |a European Economic Community countries  |x Economic policy. 
852 |a INST  |b LESVOS  |e 19990507  |h 341.142 SWA  |p 005100016099  |q 005100016099  |t BK  |y 0 
901 |a BIBL1-1999-2 
909 |a Λ  |b 061672 
922 |a 1ΕΛΗ  |b 199812  |c ΚΠΣ/ΤΓ  |d ΠΑΠΑΣΩΤΗΡΙΟΥ 
950 |a 118-1998-07-21